| 000 | 00562nam a2200241Ia 4500 | ||
|---|---|---|---|
| 008 | 160803s9999 xx 000 0 und d | ||
| 020 | _a 978-0545161992 | ||
| 100 | _aStine, R.L | ||
| 245 | _aSlappy new year / | ||
| 245 | _cR.L. Stine. | ||
| 260 | _aNew York : | ||
| 260 | _bScholastic Inc. | ||
| 260 | _c2010 | ||
| 300 | _a141 pages ; | ||
| 300 | _c20 cm | ||
| 440 | _aGoosebumps HorrorLand ; | ||
| 440 | _v#18 | ||
| 650 | _aNightmares -- | ||
| 650 | _aVentriloquists -- | ||
| 650 | _xFiction. | ||
| 650 | _xFiction. | ||
| 700 | _a400 | ||
| 999 |
_c298486 _d298486 |
||